Vnútroskupinové služby s nízkou pridanou hodnotou v perspektíve dokumentov OECD

Vnútroskupinové služby v zákone o dani z príjmov. Súčasný stav právnej úpravy. Vnútroskupinové služby v dokumentácii o transferovom oceňovaní. Stanovenie transferovej ceny. Najnovší vývoj na úrovni OECD.

Enregistré dans:
Détails bibliographiques
Auteur principal: Kočiš, Michal
Format: Chapitre de livre
Langue:slovaque
Sujets:
Tags: Ajouter un tag
Pas de tags, Soyez le premier à ajouter un tag!

MARC

LEADER 00000naa a2200000 4500
001 0214151
005 20231114104425.3
041 0 |a slo 
044 |a SK 
245 1 0 |a Vnútroskupinové služby s nízkou pridanou hodnotou v perspektíve dokumentov OECD  |c Michal Kočiš 
520 |a Vnútroskupinové služby v zákone o dani z príjmov. Súčasný stav právnej úpravy. Vnútroskupinové služby v dokumentácii o transferovom oceňovaní. Stanovenie transferovej ceny. Najnovší vývoj na úrovni OECD. 
610 2 0 |a služby 
610 2 0 |a osoby závislé 
610 2 0 |a oceňovanie transferové 
610 2 0 |a ceny transferové 
610 2 0 |a dane z príjmov 
610 2 0 |a OECD 
100 1 |a Kočiš, Michal